| 000 | 00356nam a2200133Ia 4500 | ||
|---|---|---|---|
| 008 | 220204s9999 xx 000 0 und d | ||
| 082 |
_a575:631.52 _bPLA.14 |
||
| 245 | 0 | _aPlant breeding reviews V.14 | |
| 260 |
_aNew York _bJohn Wiley & Sons _c1997 |
||
| 650 | _aAntifungal protein | ||
| 650 | _aPhenotypes mapping | ||
| 700 | _aJanick, Jules | ||
| 942 | _cBK | ||
| 999 |
_c41230 _d41230 |
||